| 000 | 01733cam a22003854a 4500 | ||
|---|---|---|---|
| 999 |
_c128081 _d128081 |
||
| 001 | 13735043 | ||
| 003 | ARRUPE | ||
| 005 | 20180904100546.0 | ||
| 008 | 040929s2005 enk b 001 0deng | ||
| 010 | _a 2004022912 | ||
| 015 |
_aGBA502550 _2bnb |
||
| 016 | 7 |
_a013079861 _2Uk |
|
| 020 | _a041528337X (hbk. : alk. paper) | ||
| 020 | _a9780415283373 (hbk. : alk. paper) | ||
| 020 | _a0415283388 (pbk. : alk. paper) | ||
| 020 | _a9780415283380 (pbk. : alk. paper) | ||
| 035 | _a(OCoLC)ocm56729783 | ||
| 035 | _a(OCoLC)56729783 | ||
| 040 |
_aDLC _cDLC _dDLC |
||
| 042 | _apcc | ||
| 050 | 0 | 0 |
_aB2598 _b.J57 2005 |
| 082 | 0 | 0 |
_a193 _222 |
| 084 |
_a08.24 _2bcl |
||
| 100 | 1 |
_aJolley, Nicholas. _941925 |
|
| 245 | 1 | 0 |
_aLeibniz / _cNicholas Jolley. |
| 260 |
_aLondon ; _aNew York : _bRoutledge, _c2005. |
||
| 300 |
_axii, 260 p. ; _c23 cm. |
||
| 440 | 0 |
_aRoutledge philosophers _941926 |
|
| 504 | _aIncludes bibliographical references (p. [235]-240) and index. | ||
| 505 | 0 | _aLeibniz : life and works -- The metaphysics of substances : unity and activity -- The theory of monads -- Mind, knowledge, and ideas -- Human and divine freedom -- The problem of evil -- Ethics and politics -- Legacy and influence. | |
| 600 | 1 | 0 |
_aLeibniz, Gottfried Wilhelm, _cFreiherr von, _d1646-1716. _911204 |
| 856 | 4 | 1 |
_3Table of contents _uhttp://www.loc.gov/catdir/toc/ecip051/2004022912.html |
| 856 | 4 | 2 |
_3Publisher description _uhttp://www.loc.gov/catdir/enhancements/fy0709/2004022912-d.html |
| 906 |
_a7 _bcbc _corignew _d1 _eecip _f20 _gy-gencatlg |
||
| 942 |
_2lcc _cMONOGRAPH |
||